ARRUPE JESUIT UNIVERSITY

CORONAVIRUS -STOP THE SPREAD - CLEAN,DISINFECT,COVER

Black power: (Record no. 123555)

MARC details
000 -LEADER
fixed length control field 00549nam a22001577a 4500
008 - FIXED-LENGTH DATA ELEMENTS--GENERAL INFORMATION
fixed length control field 151020b xxu||||| |||| 00| 0 eng d
050 ## - LIBRARY OF CONGRESS CALL NUMBER
Classification number E185.615.C32
100 ## - MAIN ENTRY--PERSONAL NAME
Personal name Carmichael, Stokely
9 (RLIN) 20366
245 ## - TITLE STATEMENT
Title Black power:
Remainder of title the politics of liberation in America
Statement of responsibility, etc /by Stokely Carmichael and Charles V. Hamilton
260 ## - PUBLICATION, DISTRIBUTION, ETC. (IMPRINT)
Place of publication, distribution, etc New York
Name of publisher, distributor, etc Vintage
Date of publication, distribution, etc 1967
300 ## - PHYSICAL DESCRIPTION
Extent xii,198p. ;
Dimensions 19cm.
650 ## - SUBJECT ADDED ENTRY--TOPICAL TERM
Topical term or geographic name as entry element Negroes
General subdivision Civil rights
9 (RLIN) 2221
650 ## - SUBJECT ADDED ENTRY--TOPICAL TERM
Topical term or geographic name as entry element Negroes
General subdivision Politics
9 (RLIN) 20367
700 ## - ADDED ENTRY--PERSONAL NAME
Personal name Hamilton Charles V.
9 (RLIN) 20368
Relator term joint author
942 ## - ADDED ENTRY ELEMENTS (KOHA)
Source of classification or shelving scheme Library of Congress Classification
Item type Monograph ( Printed materials)
Holdings
Withdrawn status Lost status Source of classification or shelving scheme Damaged status Not for loan Collection code Home library Current library Shelving location Date acquired Total Checkouts Full call number Barcode Date last seen Price effective from Koha item type
    Library of Congress Classification     Main Collection ARRUPE LIBRARY ARRUPE LIBRARY Main Collection 20/10/2015   E185.615.C32 46500005450 20/10/2015 20/10/2015 Monograph ( Printed materials)

 

Arrupe Library. PO Box MP320 Mt Pleasant, Harare, Zimbabwe
263 242 745411|librarian@aju.ac.zw